LEADER 01151nam a2200265 u 4500 001 000000038858 003 CaOOAMICUS 005 20070226113926.0 008 980429s1950 it u000 u ita u 035 $a10792830 040 $aPUL(R)$bita 100 1 $aScognamiglio, Renato.$0(OLS)http://pul/name/28962 245 10$aContributo alla teoria del negozio giuridico /$cRenato Scognamiglio. 260 $aNapoli :$bJovene,$c1950. 300 $a445 p. ;$c24 cm 490 1 $aPubblicazioni della Facoltą giuridica dell'Universitą di Napoli ;$v9 504 $aBibliografia in nota. 650 4$aDiritto privato.$0(OLS)http://pul/subject/2286 830 0$aPubblicazioni della Facoltą giuridica dell'Universitą di Napoli ;$v9.$0(OLS)http://pul/title/1210 850 $aPUL 852 $aPUL$W1$xDP2 Diritto e Scienze Sociali 1$y65$m172 B 62$j52886$nBK-PRI$qStampati$B52886$CPULBib$Z2$F52886 $H26 $82 941 1 $a8 961 $aDono del Prof. Adolfo Plachy. 996 $6245$aContributo alla teoria del negozio giuridico$9(OLS)http://pul/title/52678 996 $6260$aNapoli :$bJovene$9(OLS)http://pul/publisher/47845 LEADER 01361naa a2200253 u 4500 001 000000119333 003 CaOOAMICUS 005 20100217090843.0 008 100119t2009 it u000 u ita r 020 $a978-88-348-9537-5 040 $aPUL$bita$dReb 100 1 $aDe Gregorio, Faustino,$d1960-$0(OLS)http://pul/name/66563 245 13$aLa Chiesa cattolica e lo Stato italiano nella societą multireligiosa e multietnica del terzo millennio :$bla strada percorsa e quella da percorrere /$cFaustino de Gregorio ; con prefazione di Pietro Rescigno. 260 $aTorino :$bG. Giappichelli,$c©2009. 300 $a342 p. ;$c23 cm. 504 $aBibliografia p. [265]-291. 650 4$aChiesa cattolica e questioni sociali$yXXI sec.$0(OLS)http://pul/subject/36304 700 1 $aRescigno, Pietro,$d1928-$0(OLS)http://pul/name/28960 850 $aPUL 852 $aPUL$W1$xSL Diritto e Scienze Sociali 3$y79$m342. 45 DEGFA 1$j136922$qDDC 21$B135956$CPULBib$Z2$F135956 $H112049 $82 941 1 $a9 996 $6020$a978-88-348-9537-5$9(OLS)http://pul/number/143039 996 $6245$aLa Chiesa cattolica e lo Stato italiano nella societą multireligiosa e multietnica del terzo millennio :$bla strada percorsa e quella da percorrere$9(OLS)http://pul/title/150157 996 $6260$aTorino :$bG. Giappichelli$9(OLS)http://pul/publisher/49130